00605nam a2200205Ia 4500008004000000041000800040082001000048100002700058245004500085260002100130650001200151650001100163650001400174650000800188650001600196690003000212906001100242999001900253952012700272210210b1940 xxu||||| |||| 00| 0 eng d aeng a884/4 aIYER (Krishnasvamy) Ed aSrimad valmiki RamAyana: III AranyakAnDa aPalghatb-c1940 avalmiki aSrimad aRamAyana: aIII aAranyakAnDa aSanskrit Purana & Smrithi a024412 c149903d149903 001040708SanskritaALbALcSanskrit Literatured2021-02-17g0.00l0o884/4p024412r2021-02-17 00:00:00w2021-02-17yBK